000 00352nam a2200097Ia 4500
082 _a784.19 OLIN
245 0 _aThe complete encyclopedia of musical instruments : a comprehensive guide to music instruments from around the world
100 _a OLING, Bert Edison, NJ, 2003
_999603
942 _cBK
008 210817s9999 xx 000 0 und d
999 _c423127
_d423126